Missing Word: Mottos II Quiz Stats

 Plays Quiz Updated Oct 13, 2015

Challenge
Share
Tweet
Embed
Score 0/16 Timer 04:00
0 Plays Today
Motto Missing Word % Correct
Let's ____ PlacesGo
98.3%
Have It ____ WayYour
97.9%
____ Do ItJust
95.7%
I'm ____ ItLovin'
91.1%
Good to the last ____Drop
89.8%
The ____ of BeersKing
88.6%
Better Ingredients. Better ____. Papa John's.Pizza
84.1%
All Things, For All ____, EverywherePeople
82.7%
Motto Missing Word % Correct
Life’s ____Good
80.7%
Because I'm ____ itWorth
80.5%
Eat ____Fresh
76.6%
The Ultimate Driving ____Machine
73.9%
Imagination at ____Work
68.3%
For ____ by usUs
65.6%
Ideas for ____Life
46.4%
The ____ of PerfectionPursuit
27.4%

Today's Daily Dose

You're not logged in!

Compare scores with friends on all Sporcle quizzes.
Join for Free
OR
Log In

You Might Also Like...

Show Comments

Extras

Top Quizzes Today


Score Distribution

Your Account Isn't Verified!

In order to create a playlist on Sporcle, you need to verify the email address you used during registration. Go to your Sporcle Settings to finish the process.

Report this User

Report this user for behavior that violates our Community Guidelines.

Details: